Európska únia a sektor malých a stredných podnikov v SR - východiská a perspektívy

Ekonomické aspekty integrácie a sektor malých a stredných podnikov v Európskej únii. Národný program pre implementáciu Acquis communautaire v oblasti malého a stredného podnikania v SR. Možné dopady vstupu SR do Európskej únie na malé a stredné podniky.

Na minha lista:
Detalhes bibliográficos
Autor principal: Lesáková, Ľubica
Formato: Capítulo de Livro
Idioma:eslovaco
Assuntos:
Tags: Adicionar Tag
Sem tags, seja o primeiro a adicionar uma tag!

MARC

LEADER 00000naa$a2200000$$$4500
001 0004795
005 20231004075722.3
041 0 |a slo 
044 |a CZ 
245 1 0 |a Európska únia a sektor malých a stredných podnikov v SR - východiská a perspektívy  |c aut. Ľubica Lesáková 
520 |a Ekonomické aspekty integrácie a sektor malých a stredných podnikov v Európskej únii. Národný program pre implementáciu Acquis communautaire v oblasti malého a stredného podnikania v SR. Možné dopady vstupu SR do Európskej únie na malé a stredné podniky. 
610 2 0 |a podnik malý 
610 2 0 |a podnik stredný 
610 2 0 |a Slovensko 
610 2 0 |a internacionalizácia ekonomiky 
610 2 0 |a integrácia ekonomická medzinárodná 
610 2 0 |a programy rozvojové 
610 2 0 |a Európska únia 
610 2 0 |a predpisy právne 
610 2 0 |a normy právne 
610 2 0 |a podpora podnikania 
100 1 |a Lesáková, Ľubica